000 00507nam a2200181Ia 4500
003 GCL
008 140319s9999 xx 000 0 ara d
040 _aGCL /
_cGCL
082 0 4 _a823.03
_bج ص
100 1 _aماهر البطوطى
245 1 0 _aصورة الفنان فى شبابه /
_cماهر البطوطى
700 1 _aجويسى، جيمس
300 _a286 ص
490 _aكتاب
_v0
650 0 4 _aالادب الانجليزى
650 0 4 _aالقصص الروائية
942 _2ddc
_cBK
999 _c41909
_d41909